[Event "EU-ch Seniors 50"]
[Site "Lignano Sabbiadoro"]
[Date "2024.10.30"]
[Round "6"]
[White "Cmiel, Thorsten"]
[Black "Vehi Bach, Victor Manuel"]
[Result "1-0"]
[WhiteElo "2108"]
[BlackElo "2191"]
[PlyCount "67"]
[EventDate "2024.10.25"]
[EventType "swiss"]
[EventRounds "9"]
[EventCountry "ITA"]
[SourceTitle "CB45_2024"]
[Source "ChessBase"]
[SourceDate "2024.11.06"]
[SourceVersion "1"]
[SourceVersionDate "2024.11.06"]
[SourceQuality "1"]

1. e4 c5 2. c3 Nf6 3. e5 Nd5 4. d4 cxd4 5. Nf3 e6 6. cxd4 d6 7. Bc4 Nb6 8. Bd3 dxe5 9. dxe5 Na6 10. Qe2 Nc5 11. Bc2 Nd5 12. 0-0 Bd7 13. Rd1 Be7 14. Nc3 Nxc3 15. bxc3 Qc7 16. Rd4 0-0 17. Rg4 f5 18. exf6 Bxf6 19. Ng5 h6 20. Nh7 Bxc3 21. Nxf8 Bxa1 22. Ng6 Bf6 23. h4 e5 24. Rg3 e4 25. Bxh6 gxh6 26. Qc4+ Be6 27. Nf4+ Kf7 28. Nxe6 Nxe6 29. Qxe4 Rg8 30. Rxg8 Kxg8 31. Qxe6+ Kg7 32. Qg4+ Kf8 33. Bb3 Ke7 34. Qe6+ 1-0

[Event "Rottach Egern Seniors Cup 11th"]
[Site "Rottach Egern"]
[Date "2023.04.18"]
[Round "4"]
[White "Pruesse, Horst"]
[Black "Cmiel, Thorsten"]
[Result "1/2-1/2"]
[WhiteElo "2089"]
[BlackElo "2011"]
[PlyCount "34"]
[EventDate "2023.04.15"]
[EventType "swiss"]
[EventRounds "9"]
[EventCountry "GER"]
[SourceTitle "EXT 2024"]
[Source "ChessBase"]
[SourceDate "2023.10.10"]
[SourceVersion "1"]
[SourceVersionDate "2023.10.10"]
[SourceQuality "1"]

1. d4 Nf6 2. Nc3 d5 3. Bg5 e6 4. e4 Bb4 5. e5 h6 6. Bd2 Bxc3 7. bxc3 Ne4 8. Qg4 g6 9. Bd3 Nxd2 10. Kxd2 c5 11. h4 Nc6 12. h5 g5 13. f4 cxd4 14. Nf3 dxc3+ 15. Ke2 gxf4 16. Qg7 Kd7 17. Qxf7+ Qe7 1/2-1/2

[Event "World Amateur-ch"]
[Site "Mellieha"]
[Date "2022.10.21"]
[Round "1"]
[White "Cmiel, Thorsten"]
[Black "Abdilkhair, Abilmansur"]
[Result "1/2-1/2"]
[WhiteElo "2044"]
[BlackElo "2257"]
[PlyCount "125"]
[EventDate "2022.10.21"]
[EventType "swiss"]
[EventRounds "9"]
[EventCountry "MLT"]
[SourceTitle "EXT 2024"]
[Source "ChessBase"]
[SourceDate "2023.10.10"]
[SourceVersion "1"]
[SourceVersionDate "2023.10.10"]
[SourceQuality "1"]

1. d4 d5 2. Nf3 Nf6 3. g3 e6 4. Bg2 Be7 5. 0-0 0-0 6. c4 dxc4 7. Qa4 a6 8. Qxc4 b5 9. Qc2 Bb7 10. Bf4 Nc6 11. Rd1 Nb4 12. Qc1 Rc8 13. Nc3 Qe8 14. Bg5 c5 15. a3 Nbd5 16. Nxd5 Bxd5 17. Qf4 h6 18. Bxf6 Bxf6 19. e4 Bb3 20. Rd2 cxd4 21. e5 Be7 22. h4 Bd5 23. Nxd4 Bxg2 24. Kxg2 Rc4 25. Qf3 Qd7 26. Rad1 Qc7 27. Qe2 Qb7+ 28. Kh3 Rfc8 29. Rd3 R4c5 30. Nf3 Rc2 31. R1d2 Rxd2 32. Qxd2 Qe4 33. Kg2 g5 34. Rd4 Qf5 35. g4 Qc2 36. hxg5 hxg5 37. Qxc2 Rxc2 38. Rd2 Rc7 39. Kf1 Kg7 40. Ke2 Kg6 41. Kd1 Rc4 42. Rd4 Rxd4+ 43. Nxd4 Bc5 44. Nc6 Bxf2 45. b4 Bb6 46. Ke2 Kg7 47. Kd3 Kf8 48. Ke4 Bc7 49. Nd4 Ke8 50. Nf3 Bd8 51. Kd4 Kd7 52. Ke4 Kc7 53. Nd4 Kb6 54. Nb3 Be7 55. Kd4 f5 56. gxf5 exf5 57. Kd5 g4 58. Nd4 g3 59. Ke6 g2 60. Nf3 Bd8 61. Kd7 Bh4 62. e6 a5 63. Ng1 1/2-1/2

[Event "Heraklion Tal Memorial 3rd"]
[Site "Heraklion"]
[Date "2022.05.01"]
[Round "7"]
[White "Peng, Li Min"]
[Black "Cmiel, Thorsten"]
[Result "1-0"]
[WhiteElo "2517"]
[BlackElo "2079"]
[PlyCount "49"]
[EventDate "2022.04.25"]
[EventType "tourn"]
[EventRounds "9"]
[EventCountry "GRE"]
[SourceTitle "CBM 208 Extra"]
[Source "ChessBase"]
[SourceDate "2022.07.31"]
[SourceVersion "1"]
[SourceVersionDate "2022.07.31"]
[SourceQuality "1"]

1. d4 Nf6 2. c4 e6 3. Nc3 Bb4 4. Qc2 0-0 5. e4 d5 6. e5 Ne4 7. Bd3 c5 8. Nf3 cxd4 9. Nxd4 Nd7 10. Bf4 Qh4 11. g3 Qh5 12. 0-0 g5 13. cxd5 Bxc3 14. bxc3 exd5 15. Bxe4 dxe4 16. e6 gxf4 17. exd7 Bxd7 18. Qxe4 fxg3 19. fxg3 b5 20. Nf5 Bxf5 21. Rxf5 Qg6 22. Raf1 Qb6+ 23. Kg2 Rae8 24. Rg5+ Kh8 25. Rxf7 1-0

[Event "Heraklion Tal Memorial 3rd"]
[Site "Heraklion"]
[Date "2022.04.27"]
[Round "3"]
[White "Cmiel, Thorsten"]
[Black "Kotsinis, Alexandros"]
[Result "0-1"]
[WhiteElo "2079"]
[BlackElo "2055"]
[PlyCount "32"]
[EventDate "2022.04.25"]
[EventType "tourn"]
[EventRounds "9"]
[EventCountry "GRE"]
[SourceTitle "CBM 208 Extra"]
[Source "ChessBase"]
[SourceDate "2022.07.31"]
[SourceVersion "1"]
[SourceVersionDate "2022.07.31"]
[SourceQuality "1"]

1. c4 e5 2. Nc3 Nf6 3. Nf3 Nc6 4. e3 Bb4 5. Qc2 0-0 6. Nd5 Re8 7. Qf5 d6 8. Nxf6+ gxf6 9. Qh5 e4 10. a3 exf3 11. gxf3 Bc5 12. f4 f5 13. Rg1+ Kh8 14. Qh6 Bd4 15. Kd1 Qf6 16. Qh5 Bxb2 0-1

[Event "Heraklion Tal Memorial 3rd"]
[Site "Heraklion"]
[Date "2022.04.25"]
[Round "1"]
[White "Cmiel, Thorsten"]
[Black "Sandalakis, Nikolaos"]
[Result "1/2-1/2"]
[WhiteElo "2079"]
[BlackElo "2240"]
[PlyCount "88"]
[EventDate "2022.04.25"]
[EventType "tourn"]
[EventRounds "9"]
[EventCountry "GRE"]
[SourceTitle "CBM 208 Extra"]
[Source "ChessBase"]
[SourceDate "2022.07.31"]
[SourceVersion "1"]
[SourceVersionDate "2022.07.31"]
[SourceQuality "1"]

1. e4 e5 2. Nf3 Nc6 3. Bc4 Nf6 4. d4 exd4 5. 0-0 Nxe4 6. Re1 d5 7. Bxd5 Qxd5 8. Nc3 Qd8 9. Rxe4+ Be7 10. Nxd4 f5 11. Rf4 0-0 12. Nxc6 Qxd1+ 13. Nxd1 bxc6 14. Ra4 Bd6 15. Ne3 Re8 16. Bd2 Bd7 17. Nc4 Bf8 18. Re1 Rxe1+ 19. Bxe1 Re8 20. Kf1 Re4 21. b3 c5 22. Ra5 Be6 23. Nd2 Rd4 24. Rxa7 Rd7 25. c4 f4 26. Nf3 Bf5 27. Bc3 Rd1+ 28. Ke2 Rc1 29. Bd2 Rc2 30. Ke1 Bd6 31. g3 fxg3 32. hxg3 h6 33. Be3 Bg4 34. Nh2 Bh5 35. g4 Bg6 36. Nf3 Rb2 37. Bc1 Rb1 38. Kd1 Bf4 39. Nd2 Ra1 40. Ra5 h5 41. gxh5 Bxh5+ 42. Kc2 Bg6+ 43. Kd1 Bh5+ 44. Kc2 Bg6+ 1/2-1/2

[Event "Sitges Sunway op 8th"]
[Site "Sitges"]
[Date "2021.12.13"]
[Round "1"]
[White "Cmiel, Thorsten"]
[Black "Pranesh, Munirethinam"]
[Result "0-1"]
[WhiteElo "2107"]
[BlackElo "2437"]
[PlyCount "56"]
[EventDate "2021.12.13"]
[EventType "swiss"]
[EventRounds "10"]
[EventCountry "ESP"]
[SourceTitle "CBM 205 Extra"]
[Source "ChessBase"]
[SourceDate "2022.01.31"]
[SourceVersion "1"]
[SourceVersionDate "2022.01.31"]
[SourceQuality "1"]

1. Nf3 Nf6 2. c4 c6 3. e3 d5 4. b3 Bf5 5. Bb2 e6 6. Nc3 h6 7. d4 Ne4 8. Nxe4 Bxe4 9. Bc3 Qf6 10. Bd3 Qg6 11. Bxe4 dxe4 12. Nh4 Qf6 13. g3 g5 14. Ng2 Bg7 15. 0-0 Nd7 16. Rc1 Qg6 17. f3 exf3 18. Qxf3 f5 19. d5 Bxc3 20. Rxc3 0-0 21. dxc6 Ne5 22. Qe2 bxc6 23. Rcc1 Rae8 24. Rcd1 h5 25. Kh1 Rf7 26. e4 fxe4 27. Rxf7 Qxf7 28. Qxe4 Ng4 0-1

[Event "Lugano op 10"]
[Site "Lugano"]
[Date "2021.10.31"]
[Round "3"]
[White "Kuhn, Andreas2"]
[Black "Cmiel, Thorsten"]
[Result "1/2-1/2"]
[WhiteElo "1912"]
[BlackElo "2105"]
[PlyCount "47"]
[EventDate "2021.10.29"]
[EventType "swiss"]
[EventRounds "5"]
[EventCountry "SUI"]
[SourceTitle "CBM 205 Extra"]
[Source "ChessBase"]
[SourceDate "2022.01.31"]
[SourceVersion "1"]
[SourceVersionDate "2022.01.31"]
[SourceQuality "1"]

1. d4 Nf6 2. c4 e6 3. Nf3 Bb4+ 4. Bd2 a5 5. g3 0-0 6. Bg2 Nc6 7. 0-0 Bxd2 8. Qxd2 d5 9. Ne5 Nxe5 10. dxe5 Nd7 11. Qc3 c6 12. Rd1 Qb6 13. Na3 f6 14. cxd5 exd5 15. exf6 Nxf6 16. Rd2 Bf5 17. Qd4 Qxd4 18. Rxd4 Ra6 19. Rc1 Rb6 20. Rd2 Rb4 21. e3 Be4 22. Nb1 Bxg2 23. Kxg2 Ne4 24. Re2 1/2-1/2

[Event "Arco op 43rd"]
[Site "Arco"]
[Date "2021.10.16"]
[Round "8"]
[White "Cmiel, Thorsten"]
[Black "Lohia, Sohum"]
[Result "1/2-1/2"]
[WhiteElo "2105"]
[BlackElo "1993"]
[PlyCount "53"]
[EventDate "2021.10.09"]
[EventType "swiss"]
[EventRounds "9"]
[EventCountry "ITA"]
[SourceTitle "CBM 204 Extra"]
[Source "ChessBase"]
[SourceDate "2021.11.30"]
[SourceVersion "1"]
[SourceVersionDate "2021.11.30"]
[SourceQuality "1"]

1. Nf3 Nf6 2. c4 e6 3. Nc3 d5 4. e3 Be7 5. b3 0-0 6. Bb2 c5 7. cxd5 exd5 8. d4 Nc6 9. Be2 b6 10. 0-0 Bb7 11. Rc1 Rc8 12. dxc5 bxc5 13. Na4 Ne4 14. Nd2 Nxd2 15. Qxd2 Nb8 16. Bf3 Qd6 17. Rfd1 Rfd8 18. Qa5 Na6 19. Bxd5 Bxd5 20. e4 Qc7 21. Qxc7 Nxc7 22. exd5 Nxd5 23. g3 Nb4 24. Rxd8+ Rxd8 25. Nxc5 Nxa2 26. Rc4 Nb4 27. Nb7 1/2-1/2

[Event "Arco op 43rd"]
[Site "Arco"]
[Date "2021.10.12"]
[Round "4"]
[White "Cmiel, Thorsten"]
[Black "Starostits, Ilmars"]
[Result "0-1"]
[WhiteElo "2105"]
[BlackElo "2428"]
[PlyCount "52"]
[EventDate "2021.10.09"]
[EventType "swiss"]
[EventRounds "9"]
[EventCountry "ITA"]
[SourceTitle "CBM 204 Extra"]
[Source "ChessBase"]
[SourceDate "2021.11.30"]
[SourceVersion "1"]
[SourceVersionDate "2021.11.30"]
[SourceQuality "1"]

1. Nf3 c5 2. c4 g6 3. Nc3 Bg7 4. g3 Nc6 5. Bg2 e5 6. 0-0 d6 7. Rb1 f5 8. d3 Nf6 9. a3 0-0 10. b4 h6 11. Ne1 g5 12. Nd5 f4 13. e3 Kh8 14. b5 Nxd5 15. bxc6 Nc3 16. Qc2 Nxb1 17. cxb7 Bxb7 18. Bxb7 Rb8 19. Bd5 fxe3 20. Bxe3 Qa5 21. Ng2 Nc3 22. Bd2 Ne2+ 23. Kh1 Qxa3 24. Bxg5 Rb2 25. Bc1 Nxc1 26. Qxc1 Rbxf2 0-1

[Event "GER-ch Net blitz qual3"]
[Site "Playchess.com INT"]
[Date "2021.05.07"]
[Round "7"]
[White "Gombert, Reiner"]
[Black "Cmiel, Thorsten"]
[Result "1/2-1/2"]
[WhiteElo "1700"]
[BlackElo "2000"]
[PlyCount "65"]
[EventDate "2021.05.07"]
[EventType "swiss (blitz)"]
[EventRounds "11"]
[EventCountry "GER"]
[SourceTitle "CBM 202 Extra"]
[Source "ChessBase"]
[SourceDate "2021.07.31"]
[SourceVersion "1"]
[SourceVersionDate "2021.07.31"]
[SourceQuality "1"]

1. e4 c5 2. Nf3 d6 3. d4 cxd4 4. Nxd4 Nf6 5. Nc3 a6 6. Be2 e5 7. Nf3 h6 8. 0-0 Be6 9. h3 Be7 10. Be3 Nbd7 11. Nd2 Rc8 12. Rc1 0-0 13. Re1 Rxc3 14. bxc3 Qa5 15. Bd3 Qxc3 16. Nb3 Rc8 17. Qd2 b5 18. Qxc3 Rxc3 19. Bd2 Rc8 20. Ra1 d5 21. exd5 Bxd5 22. a4 bxa4 23. Rxa4 Bxb3 24. cxb3 Nc5 25. Bxa6 Ra8 26. Bb5 Nxa4 27. bxa4 Bd6 28. Bc3 Nd5 29. Bxe5 Bxe5 30. Rxe5 Nc3 31. Rc5 Nxa4 32. Bxa4 Rxa4 33. Rc7 1/2-1/2

[Event "GER-ch Net blitz qual3"]
[Site "Playchess.com INT"]
[Date "2021.05.07"]
[Round "10"]
[White "Mittag, Ralf"]
[Black "Cmiel, Thorsten"]
[Result "1-0"]
[WhiteElo "2118"]
[BlackElo "2000"]
[PlyCount "61"]
[EventDate "2021.05.07"]
[EventType "swiss (blitz)"]
[EventRounds "11"]
[EventCountry "GER"]
[SourceTitle "CBM 202 Extra"]
[Source "ChessBase"]
[SourceDate "2021.07.31"]
[SourceVersion "1"]
[SourceVersionDate "2021.07.31"]
[SourceQuality "1"]

1. e4 c5 2. Nf3 d6 3. g3 Nc6 4. Bg2 g6 5. 0-0 Bg7 6. Re1 e5 7. Nc3 Nge7 8. d3 h6 9. Be3 0-0 10. Qd2 Kh7 11. Kh1 Nd4 12. Nd1 Bh3 13. c3 Bxg2+ 14. Kxg2 Nxf3 15. Kxf3 f5 16. Kg2 f4 17. gxf4 exf4 18. Bxf4 g5 19. Bg3 Ng6 20. Ne3 Qd7 21. Nf5 Rxf5 22. exf5 Qxf5 23. Qe2 Rf8 24. Qe4 Qd7 25. Re3 d5 26. Qe6 Qb5 27. Qxd5 Qxb2 28. Rae1 Bxc3 29. R1e2 Qb6 30. Re6 Qc7 31. Bxc7 1-0

[Event "GER-ch Net blitz qual1"]
[Site "Playchess.com INT"]
[Date "2021.04.24"]
[Round "8"]
[White "Cmiel, Thorsten"]
[Black "Riesner, Daniel"]
[Result "1/2-1/2"]
[WhiteElo "1980"]
[BlackElo "2164"]
[PlyCount "20"]
[EventDate "2021.04.24"]
[EventType "swiss (blitz)"]
[EventRounds "11"]
[EventCountry "GER"]
[SourceTitle "CBM 202 Extra"]
[Source "ChessBase"]
[SourceDate "2021.07.31"]
[SourceVersion "1"]
[SourceVersionDate "2021.07.31"]
[SourceQuality "1"]

1. d4 Nf6 2. Bg5 e6 3. e4 h6 4. Bxf6 Qxf6 5. e5 Qd8 6. Nf3 c5 7. d5 exd5 8. Qxd5 Nc6 9. Bc4 Qe7 10. 0-0 b6 1/2-1/2

[Event "GER-ch Net blitz qual1"]
[Site "Playchess.com INT"]
[Date "2021.04.24"]
[Round "5"]
[White "Gombert, Reiner"]
[Black "Cmiel, Thorsten"]
[Result "0-1"]
[WhiteElo "1672"]
[BlackElo "1980"]
[PlyCount "92"]
[EventDate "2021.04.24"]
[EventType "swiss (blitz)"]
[EventRounds "11"]
[EventCountry "GER"]
[SourceTitle "CBM 202 Extra"]
[Source "ChessBase"]
[SourceDate "2021.07.31"]
[SourceVersion "1"]
[SourceVersionDate "2021.07.31"]
[SourceQuality "1"]

1. d4 Nf6 2. c4 g6 3. Nf3 Bg7 4. Nc3 d5 5. Qb3 dxc4 6. Qxc4 a6 7. e4 b5 8. Qd3 0-0 9. Be2 Bb7 10. e5 Nd5 11. 0-0 Nxc3 12. bxc3 c5 13. Ba3 cxd4 14. cxd4 Nc6 15. Rfd1 Qd5 16. Bb2 Rfd8 17. Qb3 Qxb3 18. axb3 Nb4 19. Rac1 Rac8 20. Ng5 Bd5 21. Bf3 Bxb3 22. Rxc8 Rxc8 23. Rc1 Rxc1+ 24. Bxc1 f6 25. exf6 exf6 26. Ne4 f5 27. Nc5 Bd5 28. Bxd5+ Nxd5 29. Bb2 a5 30. Kf1 Kf7 31. Ke2 Bf8 32. Nd7 Bd6 33. g3 Ke6 34. Nc5+ Bxc5 35. dxc5 Kd7 36. Kd3 Kc6 37. Kd4 a4 38. Bc1 Nc7 39. Ba3 Na6 40. h3 b4 41. Bc1 Nxc5 42. Kc4 b3 43. Bb2 Ne4 44. Ba3 Nxf2 45. Kb4 b2 46. Kxa4 b1Q 0-1

[Event "GER-ch Net blitz qual1"]
[Site "Playchess.com INT"]
[Date "2021.04.24"]
[Round "2"]
[White "Sato, Kai Nathan"]
[Black "Cmiel, Thorsten"]
[Result "0-1"]
[WhiteElo "1620"]
[BlackElo "1980"]
[PlyCount "62"]
[EventDate "2021.04.24"]
[EventType "swiss (blitz)"]
[EventRounds "11"]
[EventCountry "GER"]
[SourceTitle "CBM 202 Extra"]
[Source "ChessBase"]
[SourceDate "2021.07.31"]
[SourceVersion "1"]
[SourceVersionDate "2021.07.31"]
[SourceQuality "1"]

1. e4 c5 2. Nf3 d6 3. Bb5+ Nd7 4. Bxd7+ Bxd7 5. d3 g6 6. 0-0 Bg7 7. c3 e5 8. h3 Ne7 9. Nh2 0-0 10. Qf3 Be6 11. Ng4 f5 12. exf5 Bd5 13. Qg3 Nxf5 14. Qh2 Nh4 15. Ne3 Bxg2 16. Nxg2 Nf3+ 17. Kh1 Nxh2 18. Kxh2 Rf3 19. Be3 Qb6 20. Nd2 Rf7 21. Rab1 Qa6 22. a3 Qxd3 23. Ne1 Qe2 24. Ng2 Raf8 25. Rbe1 Qb5 26. b4 b6 27. bxc5 bxc5 28. c4 Qa4 29. Ne4 Rd7 30. Ng5 Qxc4 31. Ne6 Qxe6 0-1

[Event "GER-ch Net blitz qual2"]
[Site "Playchess.com INT"]
[Date "2020.03.16"]
[Round "3"]
[White "Cmiel, Thorsten"]
[Black "Reichmann, Hendrik"]
[Result "0-1"]
[WhiteElo "2083"]
[BlackElo "2344"]
[PlyCount "64"]
[EventDate "2020.03.16"]
[EventType "swiss (blitz)"]
[EventRounds "9"]
[EventCountry "GER"]
[SourceTitle "CBM 195 Extra"]
[Source "ChessBase"]
[SourceDate "2020.05.31"]
[SourceVersion "1"]
[SourceVersionDate "2020.05.31"]
[SourceQuality "1"]

1. e4 d5 2. exd5 Qxd5 3. Nf3 Bg4 4. Be2 Nf6 5. h3 Bh5 6. d4 e6 7. Bf4 Nc6 8. Bxc7 Rc8 9. Be5 Nxe5 10. dxe5 Bxf3 11. Bxf3 Qxe5+ 12. Kf1 Qxb2 13. Nd2 Qxc2 14. Qxc2 Rxc2 15. Nb3 Rc7 16. Ke2 Rc2+ 17. Kf1 b6 18. g3 Ba3 19. Kg2 Ke7 20. Rhd1 Rd8 21. Nd4 Rxd4 22. Rxd4 Bb2 23. Rdd1 Bxa1 24. Rxa1 Nd5 25. Bxd5 exd5 26. Kf3 Kd6 27. a4 Kc5 28. a5 b5 29. a6 b4 30. Ra5+ Kc4 31. Ke3 d4+ 32. Kf3 b3 0-1